<?xml version="1.0" encoding="UTF-8"?><?xml-stylesheet type="text/xsl" href="static/style.xsl"?><OAI-PMH xmlns="http://www.openarchives.org/OAI/2.0/" xmlns:xsi="http://www.w3.org/2001/XMLSchema-instance" xsi:schemaLocation="http://www.openarchives.org/OAI/2.0/ http://www.openarchives.org/OAI/2.0/OAI-PMH.xsd"><responseDate>2026-04-14T18:28:02Z</responseDate><request verb="GetRecord" identifier="oai:uvadoc.uva.es:10324/6476" metadataPrefix="marc">https://uvadoc.uva.es/oai/request</request><GetRecord><record><header><identifier>oai:uvadoc.uva.es:10324/6476</identifier><datestamp>2025-02-13T10:33:29Z</datestamp><setSpec>com_10324_38</setSpec><setSpec>col_10324_852</setSpec></header><metadata><record xmlns="http://www.loc.gov/MARC21/slim" xmlns:doc="http://www.lyncode.com/xoai" xmlns:xsi="http://www.w3.org/2001/XMLSchema-instance" xmlns:dcterms="http://purl.org/dc/terms/" xsi:schemaLocation="http://www.loc.gov/MARC21/slim http://www.loc.gov/standards/marcxml/schema/MARC21slim.xsd">
<leader>00925njm 22002777a 4500</leader>
<datafield tag="042" ind1=" " ind2=" ">
<subfield code="a">dc</subfield>
</datafield>
<datafield tag="720" ind1=" " ind2=" ">
<subfield code="a">Cuesta Aparicio, Alberto</subfield>
<subfield code="e">author</subfield>
</datafield>
<datafield tag="260" ind1=" " ind2=" ">
<subfield code="c">2014</subfield>
</datafield>
<datafield tag="520" ind1=" " ind2=" ">
<subfield code="a">Actualmente, en el mercado empresarial existe una gran necesidad de obtener&#xd;
información de valor para la compañía. Las empresas precisan conocer la percepción&#xd;
de sus clientes para poder tomar medidas y mejorar sus servicios prestados. La&#xd;
competencia cada día es más fuerte y los clientes conocen mucho más las posibles&#xd;
alternativas de servicio o producto. La estadística es una herramienta que ofrece la&#xd;
oportunidad de obtener un análisis de la información necesaria para que una empresa&#xd;
conozca sus productos o servicios desde la perspectiva de su cliente para poder tomar&#xd;
decisiones estratégicas acertadas y mejorar su rentabilidad. Para nuestro caso práctico desarrollaremos el proyecto sobre el Servicio de Atención&#xd;
al Cliente (SAC)de una empresa del gas. Evaluaremos la satisfacción del cliente obteniendo datos a través de análisis descriptivos y un modelo de regresión lineal múltiple que nos identifique un ranking de atributos y a su vez nos sirva para las mejoras de la compañía.</subfield>
</datafield>
<datafield tag="024" ind2=" " ind1="8">
<subfield code="a">http://uvadoc.uva.es/handle/10324/6476</subfield>
</datafield>
<datafield ind1=" " ind2=" " tag="653">
<subfield code="a">Empresas-Marketing</subfield>
</datafield>
<datafield ind1=" " ind2=" " tag="653">
<subfield code="a">Estudios de mercado</subfield>
</datafield>
<datafield ind1=" " ind2=" " tag="653">
<subfield code="a">Análisis de regresión</subfield>
</datafield>
<datafield tag="245" ind1="0" ind2="0">
<subfield code="a">Aplicaciones a la investigación de mercados (Estadística y Market Research)</subfield>
</datafield>
</record></metadata></record></GetRecord></OAI-PMH>